Stolice państw obu Ameryk - Statystyki

Ogólne statystyki
  • Ten quiz został rozwiązany 2 757 razy
  • Średni wynik to 24 z 35
Statystyki odpowiedzi
Państwo Stolica % Poprawnych
Argentyna Buenos Aires
95%
Brazylia Brasilia
91%
Meksyk Meksyk
89%
Kanada Ottawa
89%
Stany Zjednoczone Waszyngton
88%
Chile Santiago
84%
Peru Lima
81%
Panama Panama
81%
Kuba Hawana
80%
Kolumbia Bogota
79%
Gwatemala Gwatemala
76%
Ekwador Quito
76%
Urugwaj Montevideo
75%
Jamajka Kingston
72%
Wenezuela Caracas
71%
Dominikana Santo Domingo
71%
Salwador San Salvador
70%
Boliwia (stolica konstytucyjna) Sucre
70%
Haiti Port-au-Prince
66%
Gujana Georgetown
65%
Kostaryka San Jose
64%
Bahamy Nassau
63%
Paragwaj Asuncion
62%
Belize Belmopan
62%
Nikaragua Managua
62%
Honduras Tegucigalpa
56%
Surinam Paramaribo
55%
Antigua i Barbuda Saint John's
55%
Trynidad i Tobago Port-of-Spain
53%
Barbados Bridgetown
52%
Dominika Roseau
49%
Grenada Saint George's
46%
Saint Vincent i Grenadyny Kingstown
40%
Saint Kitts i Nevis Basseterre
37%
Saint Lucia Castries
37%
Nie znaleziono quizów pasujących do podanych kryteriów
Rozkład punktacji
Procent ludzi z każdym wynikiem
Percentyl według liczby udzielonych odpowiedzi
Twoja historia wyników
Nie rozwiązałeś tego quizu